00338nam a2200121Ia 4500008004100000041000800041082001400049100002500063245004500088260004200133300003200175365000900207240624s9999 xx 000 0 und d aeng a658.8 KEI aKEININGHAM TIMOTHY L aLOYALTY MYTHS HYPED STRATEGIES THAT WILL c2005aNew JerseybJohn Wiley and Sons axvii, : 254 : p. : cm. ; 23 cb30